[Event "Reykjavik Open 2018"]
[Site "Reykjavik ISL"]
[Date "2018.03.06"]
[Round "1.97"]
[White "Agustsson, Hafsteinn"]
[Black "Alexandersson, Orn"]
[Result "1-0"]
[WhiteElo "1853"]
[BlackElo "1466"]
[WhiteFideId "2302047"]
[BlackFideId "2315912"]
[EventDate "2018.03.06"]

1. e4 e6 2. d4 d5 3. Nc3 Nf6 4. e5 Nfd7 5. Nf3 c5 6. Bb5 Nc6 7. Be3 Qb6 8. O-O
a6 9. dxc5 Bxc5 10. Bxc6 bxc6 11. Na4 Qa5 12. Nxc5 Nxc5 13. Qd4 Ne4 14. b4 Qa3
15. Nd2 Nc3 16. Qc5 Rb8 17. Qxc6+ Bd7 18. Qd6 Rb7 19. Bc5 Bb5 20. Rfe1 Qb2 21.
Nb3 Ne4 22. Rxe4 dxe4 23. Rd1 Bd3 24. cxd3 Rd7 25. Qb8+ Rd8 26. Qc7 Rd7 27. Qc6
Qc2 28. Rc1 Qxa2 29. Na5 Qd5 30. dxe4 Qxc6 31. Nxc6 f6 32. exf6 gxf6 33. Nb8 Rb7
34. Nxa6 Kf7 35. Rd1 Ra8 36. Rd6 Rc8 37. Kf1 Rb5 38. Ke2 Rb7 39. Kd3 Rg8 40. g3
Rg4 41. h3 Rg6 42. Kc4 Rh6 43. h4 Rh5 44. Rc6 Re5 45. Kd4 Rd7+ 46. Rd6 Rb7 47.
g4 1-0

[Event "Reykjavik Open 2018"]
[Site "Reykjavik ISL"]
[Date "2018.03.06"]
[Round "1.98"]
[White "Magnusson, Thorsteinn"]
[Black "Mirza, Diana"]
[Result "0-1"]
[BlackTitle "WFM"]
[WhiteElo "1435"]
[BlackElo "1849"]
[WhiteFideId "2310287"]
[BlackFideId "2503999"]
[EventDate "2018.03.06"]

1. d4 Nf6 2. Bf4 e6 3. Nf3 c5 4. e3 d5 5. c3 Nc6 6. Nbd2 Bd6 7. Bg3 O-O 8. Bd3
b6 9. e4 dxe4 10. Nxe4 Nxe4 11. Bxe4 Bb7 12. Bh4 Be7 13. Bxe7 Qxe7 14. Ne5 Nxe5
15. Bxb7 Qxb7 16. dxe5 Qxg2 17. Rf1 Qxh2 18. Qe2 Rad8 19. Qe4 Rd5 20. f4 Qg3+
21. Ke2 Rfd8 22. Rad1 Qg4+ 0-1

[Event "Reykjavik Open 2018"]
[Site "Reykjavik ISL"]
[Date "2018.03.06"]
[Round "1.99"]
[White "Pedersen, Lars Wisler"]
[Black "Tsanaclis, Albert"]
[Result "0-1"]
[WhiteElo "1842"]
[BlackElo "1429"]
[WhiteFideId "1417045"]
[BlackFideId "2624834"]
[EventDate "2018.03.06"]

1. e4 c5 2. Nf3 Nc6 3. d4 cxd4 4. Nxd4 g6 5. Nc3 Bg7 6. Be3 Nf6 7. Be2 O-O 8.
O-O d5 9. exd5 Nxd5 10. Nxd5 Qxd5 11. Bf3 Qa5 12. Nxc6 bxc6 13. c3 Rb8 14. Qc1
c5 15. Bf4 e5 16. Bd2 Rd8 17. Rd1 Qb6 18. Rb1 Bf5 19. Ra1 Qxb2 20. Qxb2 Rxb2 21.
Be3 Rxd1+ 22. Rxd1 Bf8 23. g4 e4 24. gxf5 exf3 25. f6 Rb6 26. h3 Rxf6 27. Rd5
Rd6 28. Re5 Rd1+ 29. Kh2 Bd6 30. Bf4 Bxe5 31. Bxe5 Rd5 32. Bf4 g5 33. Be3 h5 34.
Kg3 Rf5 35. a3 Kf8 36. h4 f6 37. c4 Ke7 38. Bd2 Ke6 39. Be3 Kd6 40. Bd2 Ke5 41.
Be3 Ke4 0-1

[Event "Reykjavik Open 2018"]
[Site "Reykjavik ISL"]
[Date "2018.03.06"]
[Round "1.100"]
[White "Hestnes, Thomas Due"]
[Black "Briem, Stephan"]
[Result "0-1"]
[WhiteElo "1425"]
[BlackElo "1841"]
[WhiteFideId "1542281"]
[BlackFideId "2312506"]
[EventDate "2018.03.06"]

1. d4 e6 2. Bf4 f5 3. Nf3 Nf6 4. e3 Be7 5. Bd3 d6 6. Nbd2 O-O 7. O-O b6 8. c4
Bb7 9. Qc2 Qe8 10. Ng5 Bd8 11. Rfe1 h6 12. Ngf3 Nc6 13. e4 Nb4 14. Qc3 Nxd3 15.
Qxd3 fxe4 16. Nxe4 Nxe4 17. Rxe4 Qg6 18. d5 Rxf4 19. Rae1 Rxe4 20. Rxe4 e5 21.
Nh4 Bxh4 0-1

[Event "Reykjavik Open 2018"]
[Site "Reykjavik ISL"]
[Date "2018.03.06"]
[Round "1.101"]
[White "Ilkov, Dani"]
[Black "Davidsson, Stefan Orri"]
[Result "1/2-1/2"]
[WhiteElo "1841"]
[BlackElo "1365"]
[WhiteFideId "2926849"]
[BlackFideId "2311399"]
[EventDate "2018.03.06"]

1. c4 e5 2. g3 Nf6 3. Bg2 Bc5 4. Nc3 d6 5. e3 Nc6 6. Nge2 h5 7. h3 Be6 8. d3 d5
9. Qb3 Nb4 10. Na4 dxc4 11. dxc4 Bf5 12. O-O Bd6 13. c5 Nc2 14. cxd6 Nxa1 15.
Qxb7 Rc8 16. Bd2 Nc2 17. Rc1 O-O 18. e4 Qxd6 19. Rxc2 Qd3 20. Qb3 Qxe2 21. exf5
Rfd8 22. Qf3 Qxf3 23. Bxf3 e4 24. Bg2 Rd5 25. Nc5 Rxf5 26. Nxe4 Nxe4 27. Bxe4
Re5 28. Bf3 g6 29. Bf4 Re7 30. g4 hxg4 31. Bxg4 f5 32. Bf3 Kf7 33. b3 Kf6 34. h4
Kf7 35. Rc6 Rd7 36. Kg2 Rd4 37. Kg3 Rd7 38. Ra6 c5 39. Bd6 Kg7 40. Be5+ Kh7 41.
Rd6 Rxd6 42. Bxd6 c4 43. bxc4 Rxc4 44. a3 a5 45. Be2 Re4 46. Bb5 a4 47. Bb4 Rg4+
48. Kh3 Rf4 49. Bxa4 Rxf2 50. Bb5 Kh6 51. a4 g5 52. hxg5+ Kxg5 53. Be7+ Kf4 54.
Bd6+ Ke4 55. Bc6+ Kd4 56. a5 Kc4 57. Kg3 Ra2 58. Bc7 Kb4 59. Kf4 Rxa5 60. Bxa5+
Kxa5 61. Kxf5 1/2-1/2

[Event "Reykjavik Open 2018"]
[Site "Reykjavik ISL"]
[Date "2018.03.06"]
[Round "1.102"]
[White "Haile, Batel Goitom"]
[Black "Jonsson, Pall G"]
[Result "0-1"]
[WhiteElo "1361"]
[BlackElo "1841"]
[WhiteFideId "2315190"]
[BlackFideId "2303205"]
[EventDate "2018.03.06"]

1. e4 c5 2. Nf3 Nc6 3. Nc3 a6 4. b3 g6 5. Bb2 Bg7 6. Be2 Nd4 7. Nxd4 cxd4 8. Nd5
e6 9. Nb4 b5 10. c4 bxc4 11. Bxc4 Bb7 12. Qe2 a5 13. Nd3 Qh4 14. Nc5 Bc6 15. g3
Qe7 16. Nd3 f5 17. f3 fxe4 18. fxe4 Nf6 19. Nf2 O-O 20. O-O Nxe4 21. Nxe4 d3 22.
Bxd3 Bxb2 23. Rab1 Bd4+ 24. Nf2 Rxf2 25. Rxf2 Rf8 26. Rf1 Qc5 27. Bc4 Qf5 28.
Bd3 Qd5 29. Be4 Qxe4 30. Qxe4 Bxe4 31. h4 Bd3 32. Kg2 Bxf1+ 33. Rxf1 Rxf1 34.
Kxf1 Kf7 35. Ke2 d5 36. Kf3 Kf6 37. g4 h5 38. g5+ Kf5 39. d3 Bc3 40. a3 Be1 41.
a4 Bxh4 42. b4 Bxg5 43. bxa5 Bd8 44. a6 Bb6 45. a5 Ba7 46. Kg3 g5 47. Kf3 h4 48.
Kg2 g4 49. Kh1 Kf4 50. d4 Bxd4 51. a7 Bxa7 52. a6 d4 53. Kg2 d3 54. Kf1 h3 55.
Ke1 Ke3 56. Kd1 h2 57. Kc1 Bd4 58. Kb1 h1=Q+ 59. Ka2 Qd5+ 60. Ka3 Qb5 61. a7 Bc3
62. a8=Q Qb4+ 63. Ka2 Qb2# 0-1

[Event "Reykjavik Open 2018"]
[Site "Reykjavik ISL"]
[Date "2018.03.06"]
[Round "1.103"]
[White "Densing, Gerd"]
[Black "Signyjarson, Arnar Smari"]
[Result "1-0"]
[WhiteElo "1831"]
[BlackElo "1351"]
[WhiteFideId "24621013"]
[BlackFideId "2316340"]
[EventDate "2018.03.06"]

1. d4 Nf6 2. Nf3 g6 3. Nc3 Bg7 4. e4 d6 5. Be3 O-O 6. Bd3 Nbd7 7. Qd2 e5 8. d5
b6 9. Bh6 Bb7 10. Bxg7 Kxg7 11. h4 Nc5 12. O-O-O Qd7 13. Rh3 Rac8 14. Rdh1 c6
15. h5 Rh8 16. hxg6 hxg6 17. dxc6 Bxc6 18. Ng5 Rxh3 19. Rxh3 Rh8 20. Rxh8 Kxh8
21. Bc4 Ncxe4 22. Ngxe4 Nxe4 23. Qh6+ Kg8 24. Qxg6+ Kf8 25. Qh6+ Ke7 26. Nxe4
Bxe4 27. Qh4+ Kf8 28. Qxe4 Kg7 29. g4 f6 30. f3 Qc7 31. Bd3 Kf8 32. Qf5 Qe7 33.
g5 Qg7 34. Qxf6+ Qxf6 35. gxf6 Kf7 36. Bc4+ Kxf6 37. Bd5 Ke7 38. Kd2 Kd7 39. Kc3
Kc7 40. Kc4 a6 41. a4 Kc8 42. Be6+ Kd8 43. Kd5 Kc7 44. b4 a5 45. bxa5 bxa5 46.
c3 Kb6 47. Kxd6 1-0

[Event "Reykjavik Open 2018"]
[Site "Reykjavik ISL"]
[Date "2018.03.06"]
[Round "1.104"]
[White "Tummasarson, Flovin M."]
[Black "Alderson, John K A"]
[Result "0-1"]
[WhiteElo "1303"]
[BlackElo "1824"]
[WhiteFideId "7202431"]
[BlackFideId "422711"]
[EventDate "2018.03.06"]

1. e4 e6 2. d4 d5 3. exd5 exd5 4. Nf3 Bd6 5. c4 Nf6 6. c5 Be7 7. Nc3 Bg4 8. Be2
O-O 9. O-O b6 10. b4 a5 11. Qa4 Bd7 12. b5 bxc5 13. dxc5 Bxc5 14. Rd1 c6 15. Nd4
Qb6 16. Rb1 Bxd4 17. bxc6 Bxf2+ 18. Kf1 Qxc6 19. Qxc6 Nxc6 20. Nxd5 Nxd5 21.
Rxd5 Be6 22. Rd6 Nd4 23. Kxf2 Nxe2 24. Kxe2 Bxa2 25. Ra1 Bc4+ 26. Kf2 a4 27. Ba3
Rfe8 28. Rd4 Bb3 29. Re1 Rxe1 30. Kxe1 Rc8 31. g4 h6 32. Rd2 Kh7 33. h4 Rc4 34.
Rg2 h5 35. gxh5 Rxh4 36. Rg5 Kh6 37. Rg1 Rxh5 38. Bf8 Rg5 39. Rxg5 Kxg5 40. Bxg7
Kf4 41. Bb2 Ke3 42. Ba3 Kd3 43. Kf2 Kc2 44. Ke3 Be6 45. Ke2 Kb3 46. Bc5 a3 47.
Bd4 Kc2 48. Ke1 a2 0-1

[Event "Reykjavik Open 2018"]
[Site "Reykjavik ISL"]
[Date "2018.03.06"]
[Round "1.105"]
[White "Hansen, Ib Lynaes"]
[Black "Stefansson, Benedikt"]
[Result "1/2-1/2"]
[WhiteElo "1822"]
[BlackElo "1297"]
[WhiteFideId "1407511"]
[BlackFideId "2312379"]
[EventDate "2018.03.06"]

1. d4 Nf6 2. c4 g6 3. Nc3 d5 4. cxd5 Nxd5 5. e4 Nxc3 6. bxc3 Bg7 7. Bc4 c5 8.
Ne2 Qc7 9. Qd3 O-O 10. O-O Nd7 11. Bb3 Nb6 12. Bc2 cxd4 13. cxd4 Be6 14. Bf4 Qc4
15. Rac1 Qxd3 16. Bxd3 Bxa2 17. Rc7 e6 18. Rxb7 Rfd8 19. Bc7 Rd7 20. Bb5 Re7 21.
Ra1 Rc8 22. Rxa7 Bc4 23. Bxb6 Rxa7 24. Bxa7 Bxb5 25. Ng3 Ra8 26. e5 f6 27. Rb1
Bd3 28. Rb8+ Rxb8 29. Bxb8 f5 30. Nf1 Bh6 31. Ba7 Kf7 32. h3 Ke7 33. f3 Bc1 34.
Kf2 Kd7 35. Ng3 f4 36. Ne4 Be3+ 37. Ke1 Kc6 38. Ng5 Kd5 39. Nxh7 Bxd4 40. Nf6+
Kxe5 41. Bxd4+ Kxd4 42. Kf2 Bf5 43. g4 fxg3+ 44. Kxg3 Ke3 45. Ng4+ Kd4 1/2-1/2

[Event "Reykjavik Open 2018"]
[Site "Reykjavik ISL"]
[Date "2018.03.06"]
[Round "1.106"]
[White "Fjallheim, Benjamin Reinert"]
[Black "Jonsson, Olafur Gisli"]
[Result "0-1"]
[WhiteElo "1293"]
[BlackElo "1822"]
[WhiteFideId "7202008"]
[BlackFideId "2302705"]
[EventDate "2018.03.06"]

1. e4 e5 2. Nf3 Nc6 3. Bc4 Nf6 4. d3 Bc5 5. Nc3 h6 6. Be3 Bxe3 7. fxe3 d6 8. Qd2
Na5 9. Bb3 Nxb3 10. axb3 Bd7 11. Ne2 a6 12. c4 O-O 13. b4 Qe7 14. Nc3 c6 15. Na4
Rad8 16. Nb6 Bg4 17. O-O d5 18. exd5 cxd5 19. c5 Rfe8 20. d4 exd4 21. exd4 Bxf3
22. Rxf3 Qe2 23. Rf2 Qg4 24. h3 Qh4 25. Qf4 Qxf4 26. Rxf4 Re2 27. Rf2 Rde8 28.
Rd1 R8e3 29. Rd2 Re1+ 30. Kh2 Ne4 31. Nxd5 Nxf2 32. Rxf2 R3e2 33. Kg3 Rxf2 34.
Kxf2 Rb1 35. Kf3 Rxb2 36. h4 Kf8 37. h5 Ke8 38. g4 Kd7 39. Kf4 Kc6 40. Ne7+ Kb5
41. Nf5 Rxb4 42. Ke5 a5 43. Nxg7 a4 44. g5 hxg5 45. h6 Rb1 46. Kf5 Rh1 47. Kxg5
Rxh6 48. Kxh6 a3 49. d5 a2 50. d6 Kc6 0-1

[Event "Reykjavik Open 2018"]
[Site "Reykjavik ISL"]
[Date "2018.03.06"]
[Round "1.107"]
[White "Chan, Daniel"]
[Black "Karlsson, Isak Orri"]
[Result "0-1"]
[WhiteElo "1816"]
[BlackElo "1288"]
[WhiteFideId "142050"]
[BlackFideId "2312530"]
[EventDate "2018.03.06"]

1. d4 f5 2. Bf4 Nf6 3. e3 g6 4. Nf3 Bg7 5. Be2 d6 6. c4 O-O 7. O-O Be6 8. Qb3
Qc8 9. Nc3 Na6 10. Rac1 c5 11. Rfd1 Nh5 12. Bg3 f4 13. Bh4 Qd7 14. Ng5 Bg4 15.
Nge4 Bxe2 16. Nxe2 Qg4 17. Qxb7 Qxh4 18. Qxa6 fxe3 19. f3 Nf6 20. N2g3 Nxe4 21.
Nxe4 e2 22. Re1 Bxd4+ 23. Kh1 Be5 24. g3 Qh5 0-1

[Event "Reykjavik Open 2018"]
[Site "Reykjavik ISL"]
[Date "2018.03.06"]
[Round "1.108"]
[White "Hjaltason, Magnus"]
[Black "Coffman, Charles Z"]
[Result "0-1"]
[WhiteElo "1281"]
[BlackElo "1814"]
[WhiteFideId "2312883"]
[BlackFideId "2091933"]
[EventDate "2018.03.06"]

1. e4 c5 2. Nf3 e6 3. d4 cxd4 4. Nxd4 Nc6 5. Nc3 Qc7 6. Be3 a6 7. Qd2 Nf6 8. f3
b5 9. g4 d6 10. O-O-O Bb7 11. g5 Nd7 12. h4 Nde5 13. f4 Nxd4 14. fxe5 dxe5 15.
Bxd4 exd4 16. Qxd4 Bc6 17. Bg2 Rd8 18. Qxd8+ Qxd8 19. Rxd8+ Kxd8 20. Rf1 Ke8 21.
Bh1 h6 22. gxh6 Rxh6 23. Rf4 Be7 24. Rf1 Rxh4 25. Bf3 b4 26. Nd1 Bxe4 27. Bxe4
Rxe4 28. Rg1 g5 29. Nf2 Bc5 30. Nxe4 Bxg1 31. Kd2 Bh2 32. Kd3 Be5 33. b3 g4 34.
Ke2 Ke7 35. Nf2 f5 36. Nd3 Bd6 37. Nb2 e5 38. Nc4 Ke6 39. Ne3 Bc5 40. Nc4 f4 41.
Nd2 Kf5 42. Nf1 e4 0-1

[Event "Reykjavik Open 2018"]
[Site "Reykjavik ISL"]
[Date "2018.03.06"]
[Round "1.109"]
[White "Berg, Margar M."]
[Black "Gunnarsson, Baltasar Mani Wedhol"]
[Result "1-0"]
[WhiteElo "1811"]
[BlackElo "1270"]
[WhiteFideId "7200021"]
[BlackFideId "2311917"]
[EventDate "2018.03.06"]

1. d4 d5 2. c4 c6 3. Nc3 Nf6 4. Nf3 Bg4 5. e3 e6 6. Bd3 Bb4 7. Bd2 Bxc3 8. bxc3
Nbd7 9. O-O O-O 10. Rb1 Rb8 11. cxd5 cxd5 12. c4 Ne4 13. Bb4 Re8 14. Qa4 a6 15.
Nd2 Nxd2 16. Bxd2 Nf6 17. c5 Qc7 18. Ba5 Qc6 19. Qxc6 bxc6 20. Rb6 Rxb6 21. cxb6
Nd7 22. b7 e5 23. f3 Be6 24. Rc1 Nb8 25. Bc7 Bd7 26. Bxb8 Rxb8 27. Bxa6 exd4 28.
exd4 g6 29. a4 Kg7 30. a5 h5 31. Rb1 Bf5 32. Rb6 Re8 33. b8=Q Re1+ 34. Kf2 Rc1
35. Qe5+ Kh7 36. Rb8 Rc2+ 37. Kg3 h4+ 38. Kxh4 g5+ 39. Kg3 Kg6 40. Rg8+ 1-0

[Event "Reykjavik Open 2018"]
[Site "Reykjavik ISL"]
[Date "2018.03.06"]
[Round "1.110"]
[White "Olafsson, Arni"]
[Black "Meier, Gerd"]
[Result "0-1"]
[WhiteElo "1231"]
[BlackElo "1804"]
[WhiteFideId "2313510"]
[BlackFideId "4682971"]
[EventDate "2018.03.06"]

1. e4 c5 2. Nf3 d6 3. d4 cxd4 4. Nxd4 Nf6 5. Nc3 a6 6. Be3 e5 7. Nb3 Be6 8. Qd2
Be7 9. f3 b5 10. O-O-O Nbd7 11. g4 Nb6 12. Qf2 Nfd7 13. Bxb6 Qxb6 14. Qxb6 Nxb6
15. h4 Rc8 16. g5 g6 17. Be2 h5 18. Kb1 O-O 19. Rd2 Rfd8 20. a3 Kg7 21. Na2 d5
22. Rhd1 d4 23. Nb4 Bxb3 24. cxb3 Bxb4 25. axb4 f6 26. gxf6+ Kxf6 27. Bd3 Nd7
28. Rg2 Rg8 29. Rf1 Ke6 30. Rfg1 Nf8 31. Rg5 Rh8 32. R5g2 Kf6 33. Rf1 Ne6 34.
Bc2 Nf4 35. Rd2 Rhd8 36. Bd3 Rg8 37. Rg1 g5 38. hxg5+ Rxg5 39. Rxg5 Kxg5 40. Bc2
Kh4 41. Rd1 Rg8 42. Kc1 Ng2 43. Rf1 Kg3 0-1

[Event "Reykjavik Open 2018"]
[Site "Reykjavik ISL"]
[Date "2018.03.06"]
[Round "1.111"]
[White "Opasiak, Dustin Tennessee"]
[Black "Thorisson, Benedikt"]
[Result "1-0"]
[WhiteElo "1797"]
[BlackElo "1214"]
[WhiteFideId "24630217"]
[BlackFideId "2314576"]
[EventDate "2018.03.06"]

1. e4 c5 2. Nf3 e6 3. d3 Nc6 4. g3 Nf6 5. Bg2 d5 6. e5 Nd7 7. Qe2 a6 8. a4 Be7
9. O-O b6 10. c3 Bb7 11. d4 O-O 12. Bf4 a5 13. Re1 Ba6 14. Qd2 Rc8 15. Na3 cxd4
16. cxd4 Bb4 17. Qe3 Bxe1 18. Nxe1 Nb4 19. h4 Qc7 20. h5 h6 21. Bh3 Qc6 22. Bxh6
gxh6 23. Qxh6 Rfd8 24. g4 Nf8 25. Qg5+ Kh8 26. Qf6+ Kg8 27. h6 1-0

[Event "Reykjavik Open 2018"]
[Site "Reykjavik ISL"]
[Date "2018.03.06"]
[Round "1.112"]
[White "Sigfusson, Ottar Orn Bergmann"]
[Black "Pedersen, Soren Sandmann"]
[Result "0-1"]
[WhiteElo "1100"]
[BlackElo "1794"]
[WhiteFideId "2313057"]
[BlackFideId "30929717"]
[EventDate "2018.03.06"]

1. d4 d5 2. c4 e6 3. Nf3 c6 4. e3 Nf6 5. b3 Nbd7 6. Bb2 Bd6 7. Bd3 O-O 8. Nc3
Re8 9. O-O e5 10. dxe5 Nxe5 11. Nxe5 Bxe5 12. Qc2 h5 13. h4 Ng4 14. g3 g5 15.
hxg5 Qxg5 16. Qe2 Bxg3 17. fxg3 Rxe3 18. Bh7+ Kxh7 19. Rxf7+ Kg8 20. Ne4 Rxe4
21. Qf3 Qe3+ 22. Qxe3 Nxe3 23. Rg7+ Kf8 24. cxd5 Bg4 25. dxc6 bxc6 26. Rc7 Rc8
27. Rxa7 Nd1 28. Bc3 Nxc3 0-1

[Event "Reykjavik Open 2018"]
[Site "Reykjavik ISL"]
[Date "2018.03.06"]
[Round "1.113"]
[White "Halldorsson, Hjorleifur"]
[Black "Moller, Tomas"]
[Result "1/2-1/2"]
[WhiteElo "1792"]
[BlackElo "1071"]
[WhiteFideId "2303647"]
[BlackFideId "2315343"]
[EventDate "2018.03.06"]

1. e4 c5 2. Nc3 e6 3. Nf3 Nc6 4. d4 cxd4 5. Nxd4 Qc7 6. Be2 a6 7. O-O Nf6 8. Be3
Be7 9. f4 O-O 10. Nxc6 bxc6 11. Bd3 Rb8 12. Rf3 d5 13. e5 Ng4 14. Rg3 Nxe3 15.
Bxh7+ Kxh7 16. Qh5+ Kg8 17. Rh3 f6 18. Qh7+ Kf7 19. Qh5+ Kg8 20. Qh7+ Kf7 21.
Qh5+ Kg8 22. Qh7+ Kf7 23. Qh5+ 1/2-1/2

[Event "Reykjavik Open 2018"]
[Site "Reykjavik ISL"]
[Date "2018.03.06"]
[Round "1.114"]
[White "Steinthorsson, Birgir Logi"]
[Black "Danielsson, Sigurdur"]
[Result "1-0"]
[WhiteElo "1062"]
[BlackElo "1791"]
[WhiteFideId "2312093"]
[BlackFideId "2301792"]
[EventDate "2018.03.06"]

1. d4 d5 2. Nf3 c5 3. dxc5 Nc6 4. Bf4 f6 5. e4 e5 6. Bg3 d4 7. Nbd2 Bxc5 8. Nc4
b5 9. Ncd2 a6 10. Nb3 Bb4+ 11. c3 dxc3 12. Qxd8+ Kxd8 13. O-O-O+ Kc7 14. a3
cxb2+ 15. Kxb2 Be7 16. Rc1 Kb6 17. Nh4 g5 18. Nf5 Bxf5 19. exf5 Rd8 20. f3 Nh6
21. Bf2+ Kb7 22. g3 Nxf5 23. Bg2 Ncd4 24. Na5+ Kb6 25. Be1 Ne3 26. Bh3 f5 27.
Bf2 f4 28. gxf4 gxf4 29. Rhg1 Kxa5 30. Be1+ Kb6 31. Rg7 Bc5 32. Bh4 Rdg8 33. Rd7
Nc4+ 34. Ka2 Kc6 35. a4 Rg2+ 1-0

[Event "Reykjavik Open 2018"]
[Site "Reykjavik ISL"]
[Date "2018.03.06"]
[Round "1.115"]
[White "De Winter, Eric"]
[Black "Mancini, Pietro"]
[Result "1-0"]
[WhiteElo "1775"]
[BlackElo "1020"]
[WhiteFideId "1033069"]
[BlackFideId "2854541"]
[EventDate "2018.03.06"]

1. Nf3 d5 2. d4 Nf6 3. c4 c6 4. Nc3 Bf5 5. e3 e6 6. Qb3 Qc8 7. Be2 Bd6 8. Bd2
O-O 9. Rc1 Nbd7 10. cxd5 exd5 11. Nb5 Bc7 12. Nxc7 Qxc7 13. O-O Rab8 14. Qa3 Ra8
15. Bb4 Rfc8 16. Bd6 Qd8 17. Ne5 Nxe5 18. Bxe5 Qf8 19. Qxf8+ Rxf8 20. Bxf6 gxf6
21. Rc3 Rac8 22. Rfc1 Bd7 23. b4 b5 24. Ra3 Rc7 25. h3 Rb8 26. Kh2 Kg7 27. Kg3
f5 28. Kf4 Kf6 29. Ra6 Rb6 30. Ra3 h6 31. g4 fxg4 32. hxg4 Ke6 33. Rh1 Kd6 34.
Rxh6+ Be6 35. Kg3 Kd7 36. f4 f5 37. Rh7+ 1-0

[Event "Reykjavik Open 2018"]
[Site "Reykjavik ISL"]
[Date "2018.03.07"]
[Round "2.1"]
[White "Cornette, Deimante"]
[Black "Rapport, Richard"]
[Result "0-1"]
[WhiteTitle "IM"]
[BlackTitle "GM"]
[WhiteElo "2447"]
[BlackElo "2715"]
[WhiteFideId "12802859"]
[BlackFideId "738590"]
[EventDate "2018.03.06"]

1. e4 e5 2. Nf3 Nc6 3. Bb5 a6 4. Ba4 Nf6 5. O-O d6 6. c4 Be7 7. d3 O-O 8. h3 Nd7
9. Nc3 Nc5 10. Bxc6 bxc6 11. d4 exd4 12. Nxd4 Bd7 13. b3 Re8 14. Re1 Bf6 15. Bb2
a5 16. Rb1 Be5 17. Qd2 Qf6 18. Rbd1 Qg6 19. Kf1 a4 20. b4 Ne6 21. Nde2 a3 22.
Bc1 Reb8 23. Kg1 Nf8 24. Kh1 Qe6 25. f4 Bf6 26. c5 Bh4 27. Rf1 Rxb4 28. cxd6
cxd6 29. Qxd6 Qxd6 30. Rxd6 Be7 31. Rdd1 Rc4 32. Rf3 Be8 33. Rd4 Rc5 34. Nb1 Ne6
35. Rd2 Rca5 36. Rdd3 Ra4 37. Bxa3 c5 38. Bc1 Bb5 39. Rd2 Bxe2 40. Rxe2 Nd4 0-1

[Event "Reykjavik Open 2018"]
[Site "Reykjavik ISL"]
[Date "2018.03.07"]
[Round "2.2"]
[White "Eljanov, Pavel"]
[Black "Sundararajan, Kidambi"]
[Result "1/2-1/2"]
[WhiteTitle "GM"]
[BlackTitle "GM"]
[WhiteElo "2713"]
[BlackElo "2427"]
[WhiteFideId "14102951"]
[BlackFideId "5005370"]
[EventDate "2018.03.06"]

1. c4 f5 2. b3 d6 3. Bb2 e5 4. d4 Qe7 5. Nc3 Nf6 6. e3 g6 7. h4 Bg7 8. Nf3 e4 9.
Ng5 c6 10. Be2 Na6 11. Qd2 f4 12. d5 fxe3 13. fxe3 cxd5 14. O-O Nc7 15. Nxd5
Ncxd5 16. cxd5 O-O 17. Bc4 h6 18. Ne6 Bxe6 19. dxe6 Ng4 20. Bxg7 Kxg7 21. Qd4+
Kh7 22. h5 Qh4 23. Qxd6 gxh5 24. Qc7+ Kh8 25. Bd5 Nf2 26. Qe5+ Rf6 27. Qh2 Qg5
28. Rxf2 Rxf2 29. Kxf2 Qxd5 30. e7 Qd2+ 31. Kg1 Qxe3+ 32. Kh1 Qg5 33. Re1 1/2-1/2

[Event "Reykjavik Open 2018"]
[Site "Reykjavik ISL"]
[Date "2018.03.07"]
[Round "2.3"]
[White "Kjartansson, Gudmundur"]
[Black "Kamsky, Gata"]
[Result "1/2-1/2"]
[WhiteTitle "IM"]
[BlackTitle "GM"]
[WhiteElo "2432"]
[BlackElo "2677"]
[WhiteFideId "2301318"]
[BlackFideId "2000024"]
[EventDate "2018.03.06"]

1. Nf3 g6 2. e4 Bg7 3. d4 d6 4. c3 Nf6 5. Bd3 O-O 6. O-O Nc6 7. Qe2 e5 8. dxe5
Nxe5 9. Nxe5 dxe5 10. Be3 Qe7 11. f3 Nh5 12. g3 Bh3 13. Re1 Rad8 14. Na3 Kh8 15.
Rad1 f5 16. exf5 gxf5 17. Qf2 b6 18. f4 Bg4 19. Be2 exf4 20. Rxd8 Qxd8 21. Bxf4
Nxf4 22. Qxf4 Qe7 23. Kf2 Re8 24. Qd2 Qc5+ 25. Kg2 Qc6+ 26. Kf2 Bh3 27. Bf1 Qc5+
28. Kf3 Rxe1 29. Qxe1 Bxf1 30. Qxf1 Qd5+ 31. Kf2 Bxc3 32. bxc3 Qxa2+ 33. Qe2
Qxa3 34. Qe5+ Kg8 35. Qd5+ Kg7 36. Qe5+ Kg6 37. Qe6+ Kg7 38. Qe5+ 1/2-1/2

[Event "Reykjavik Open 2018"]
[Site "Reykjavik ISL"]
[Date "2018.03.07"]
[Round "2.4"]
[White "Loiseau, Quentin"]
[Black "Adly, Ahmed"]
[Result "1/2-1/2"]
[WhiteTitle "IM"]
[BlackTitle "GM"]
[WhiteElo "2427"]
[BlackElo "2643"]
[WhiteFideId "665274"]
[BlackFideId "10601619"]
[EventDate "2018.03.06"]

1. e4 c5 2. Nf3 Nf6 3. e5 Nd5 4. Nc3 Nxc3 5. dxc3 Nc6 6. Bc4 e6 7. Bf4 Qc7 8.
Qe2 h6 9. O-O-O a6 10. Nd2 b5 11. Bd3 c4 12. Be4 Bb7 13. Bxc6 Bxc6 14. Ne4 Qb7
15. Rd4 Bxe4 16. Rxe4 Bc5 17. Bg3 O-O 18. Bh4 d5 19. exd6 Bxd6 20. Rd1 Be7 21.
Bxe7 Qxe7 22. Red4 Rfd8 23. g3 Rxd4 24. Rxd4 Rd8 25. Rxd8+ Qxd8 26. h4 Qd5 27.
b3 f5 28. Qe3 Qd6 29. Kb2 e5 30. b4 Kf7 31. Qe2 Kf6 32. a4 Qd5 33. a5 f4 34. Qg4
Qe6 35. Qf3 g5 36. Qh5 Kf5 37. hxg5 hxg5 38. Qh3+ g4 39. Qh7+ Qg6 40. Qd7+ Kg5
41. Qd8+ Qf6 42. Qg8+ Kf5 43. Qc8+ Qe6 44. Qf8+ Ke4 45. Qa8+ 1/2-1/2

[Event "Reykjavik Open 2018"]
[Site "Reykjavik ISL"]
[Date "2018.03.07"]
[Round "2.5"]
[White "L'Ami, Erwin"]
[Black "Haria, Ravi"]
[Result "0-1"]
[WhiteTitle "GM"]
[BlackTitle "IM"]
[WhiteElo "2634"]
[BlackElo "2424"]
[WhiteFideId "1007998"]
[BlackFideId "415820"]
[EventDate "2018.03.06"]

1. d4 e6 2. e4 d5 3. Nc3 dxe4 4. Nxe4 Bd7 5. Nf3 Bc6 6. Bd3 Nd7 7. O-O Ngf6 8.
Ned2 Be7 9. Nc4 O-O 10. Na5 Bd5 11. c4 Bxf3 12. Qxf3 c6 13. Bd2 Qc7 14. b4 Rac8
15. Rad1 b6 16. Nb3 Rfd8 17. Rfe1 Ra8 18. c5 Nd5 19. Rc1 bxc5 20. dxc5 Bf6 21.
Be4 Ne5 22. Qg3 Qe7 23. Na5 Rac8 24. Re2 Ng6 25. Nc4 Bh4 26. Qf3 Bg5 27. Nd6 Rc7
28. a3 Bxd2 29. Rxd2 Qg5 30. Rcd1 Rb8 31. Bxg6 hxg6 32. Nc4 Rd8 33. Rd4 Rcd7 34.
Nd6 Qf6 35. Qg3 Ra8 36. Rh4 g5 37. Rg4 Nc3 38. Qd3 Nxd1 39. Qxd1 a5 40. h3 axb4
41. Rxb4 Qc3 42. Qh5 Qxa3 43. Rc4 Qa1+ 44. Kh2 Qe5+ 45. g3 Qd5 0-1